Nutrition of fruit crops: tropical, sub-tropical, temperate tree and small fruits

Сохранить в:
Библиографические подробности
Главный автор: Childers, Norman Franklin (Автор)
Формат:
Язык:английский
Опубликовано: San Francisco Horticultural Publications 1996
Предметы:
Метки: Добавить метку
Нет меток, Требуется 1-ая метка записи!

MARC

LEADER 00000nam a2200000 a 4500
001 UCS8576
003 CL-VaPUC
008 971107e19960000us |||||||||||||||||eng|d
082 0 4 |a 634.6  |b CHI  |2 21 
100 0 |a Childers, Norman Franklin  |e author  |9 393379 
245 1 0 |a Nutrition of fruit crops: tropical, sub-tropical, temperate tree and small fruits 
300 |a 888 p 
942 |c BK 
945 |d 19971107 00:00:00  |a rleighto 
260 |a San Francisco  |b Horticultural Publications  |c 1996 
650 7 |a FRUTAS TROPICALES  |2 CL-VaPUC  |9 264444 
650 0 |a Nutrición   |9 259434 
650 0 |a Cítricos  |9 393380 
650 7 |a BANANOS  |2 CL-VaPUC  |9 393381 
650 7 |a MANZANAS  |2 CL-VaPUC  |9 325516 
650 0 |a Nueces   |9 264888 
650 7 |a PERAS  |2 CL-VaPUC  |9 264840 
650 7 |a UVAS  |2 CL-VaPUC  |9 393382 
650 0 |a Congresos  |9 257560 
583 |a last modification  |c 20171017 03:01:03  |k Rodrigo Vera 
999 |c 262908  |d 262906